Vývin a výchova mladších batoliat

Bibliographic Details
Main Author: Kordíková, Eva (Author)
Format: Book
Language:Undetermined
PhysicalDescription:nestr.
Published: Košice Krajský ústav národného zdravia 1972

MARC

LEADER 00000nam a2200000 a 4500
001 vtls001336548
003 SK-MaSNL
005 20260301200541.0
008 240314s1972 xo 0 und
035 |a SNK000289535 
040 |a SNK  |b slo  |c SNK  |e AACR2 
044 |a xo  |c SK 
100 1 |a Kordíková, Eva  |4 aut  |9 579892 
245 1 0 |a Vývin a výchova mladších batoliat 
260 |a Košice  |b Krajský ústav národného zdravia  |c 1972 
300 |a nestr. 
958 |a OND 
999 |c 890983  |d 892913 
952 |t P60, <04>, [BOOK], {604}  |a SNK  |b SNK  |y VYP  |7 0  |p 17A0148362  |o snkSD 41459 D1  |0 0  |1 0  |4 0  |d 1998-07-08  |l 0  |r 2005-01-02 00:00:00  |w 2026-02-24 
952 |a SNK  |b SNK  |y PREZ  |7 0  |p 17A0941590  |o snkSD 41459   |0 0  |1 0  |4 0  |d 2013-08-14  |l 0  |r 2026-02-24 06:43:57  |w 2026-02-24